000 04555nab a2200409 i 4500
003 BR-BrBNA
005 20240130131846.0
008 240130b2018 bl.qr|pooa||| 00| 0 por |
040 _aBR-BrBNA
_bpor
072 _aF40
072 _aK10
072 _aF70
100 _aDuarte, Edilaine
100 _aSilva, Ana Carolina da
100 _aHiguchi, Pedro
100 _aLarsen, Janaina Gabriela
100 _aOrtiz, Danielle Cristina
100 _aGross, Aline
100 _aTurmina, Eliana
100 _aAguiar, Jéssica Thalheimer
100 _aVefago, Manoela Bez
100 _aSchneider, Chaiane Rodrigues
100 _aSiqueira, Silvane de Fátima
100 _aLemos, Angela Camila
100 _aRibeiro, Lirio
245 _aSucessão em fragmentos florestais altomontanos no sul do Brasil: uma abordagem florístico-estrutural e filogenética
500 _aPublicação on-line; 48 ref.; 2 tables; 6 illus.; Summaries (En, Pt)
520 _a RESUMO Objetivou-se caracterizar a organização florístico-estrutural, a riqueza e a estrutura filogenética de comunidades arbóreas de fragmentos florestais altomontanos em diferentes estágios sucessionais, situados no Parque Nacional de São Joaquim em Urubici, Santa Catarina. Foram selecionados três fragmentos, dois em avançado estágio sucessional e um em estágio inicial, sendo cada um avaliado por meio de 20 parcelas de 10 x 10 m, distribuídas na forma de transecção de 20 x 100 m. Foram identificados e medidos todos os indivíduos arbóreos com DAP ≥ 5 cm. Os dados foram analisados por meio de rarefação, ordenação multivariada, análise de espécies indicadoras e métricas de estruturação filogenética. A riqueza encontrada em cada fragmento não apresentou relação com o estágio sucessional, uma vez que as áreas não difeririam quanto a este aspecto. A organização florístico-estrutural foi influenciada pela interação entre o estágio sucessional e as diferenças ambientais entre os locais. Na área em início de sucessão, foi observado o agrupamento filogenético das espécies, e nas áreas tardias, o padrão foi aleatório. Assim, os resultados evidenciaram variações na riqueza independentemente do estágio sucessional e que a sucessão florestal influenciou a composição florístico-estrutural e a estrutura filogenética das áreas. Palavras-chave: ecologia florestal; filogenia; Floresta Ombrófila Mista Alto-Montana.
520 _a ABSTRACT We aimed to describe the floristic-structural organization, the richness and the phylogenetic structure of tree components in highland forest fragments in different successional stages, at São Joaquim National Park, in the municipality of Urubici, Santa Catarina state. Three fragments were selected, two in an advanced successional stage and one in an initial successional stage, being each one evaluated by 20 10 x 10 m sampling plots, allocated as 20 x 100 m transects. All trees with dbh ≥ 5 cm were identified and measured. The data were analyzed through rarefaction, multivariate ordination, indicator species analysis and phylogenetic structure metrics. There was no relationship between the richness and the successional stage, once the studied areas did not differ in relation to the number of species. The floristic-structural organization was influenced by the interaction between the successional stage and the environmental differences among areas. Phylogenetic clustering of species was observed in the initial successional stage area and random phylogenetic pattern was observed in advanced successional stage areas. The results indicated independent variation in richness in relation to successional phase and, that the forest succession influenced the floristic-structural composition and phylogenetic structure of the study areas. Keywords: forest ecology; phylogeny; upper-montane Araucaria Forest.
650 _aECOLOGIA FLORESTAL
650 _aFILOGENIA
650 _aFLORESTA
773 0 _04065
_9198128
_dSanta Maria-RS Universidade Federal de Santa Maria - Centro de Pesquisas Florestais.Departamento de Ciências Florestais. Programa de Pós-Graduação em Engenharia Florestal 1991
_o2023-437009
_tCiência Florestal (Brazil)
_x0103-9954; 1980-5098 (on-line)
_gv. 28(3) p. 898-912; (Jul-Sep 2018)
_wBR2023001498
856 _uhttps://periodicos.ufsm.br/cienciaflorestal/article/view/33349/pdf
942 _cAnalítica
999 _c298379
_d298379